Bordering 'N' Countries - Europe Quiz Stats

Quiz not verified by Sporcle

Also try: Purplexing Flags
Challenge
Share
Tweet
Score 0/5 Timer 02:00
0 Plays Today
% Correct
Sweden
98%
Belgium
96.8%
Germany
96.8%
Finland
95.3%
Russia
94.8%

You're not logged in!

Compare scores with friends on all Sporcle quizzes.
Sign Up with Email
OR
Log In

You Might Also Like...

Show Comments

Extras

Top Quizzes Today


Score Distribution

Your Account Isn't Verified!

In order to create a playlist on Sporcle, you need to verify the email address you used during registration. Go to your Sporcle Settings to finish the process.

Report this User

Report this user for behavior that violates our Community Guidelines.

Details: